Loading...
| Current Events | 2 | 20.00 | 100% | 50% | 50% |
| Fine Arts - Auditory | 2 | 10.00 | 100% | 0% | 0% |
| Fine Arts - Other | 6 | 13.33 | 100% | 33% | 0% |
| Fine Arts - Visual | 5 | 8.00 | 60% | 20% | 0% |
| Geography | 2 | 15.00 | 100% | 0% | 50% |
| History - American | 1 | 10.00 | 100% | 0% | 0% |
| History - Ancient/Other | 4 | 7.50 | 75% | 0% | 0% |
| History - European | 2 | 15.00 | 100% | 50% | 0% |
| History - World | 6 | 16.67 | 100% | 67% | 0% |
| Literature - American | 3 | 6.67 | 67% | 0% | 0% |
| Literature - British | 3 | 3.33 | 33% | 0% | 0% |
| Literature - European | 4 | 10.00 | 100% | 0% | 0% |
| Literature - World | 3 | 3.33 | 33% | 0% | 0% |
| Mythology | 3 | 13.33 | 100% | 33% | 0% |
| Other Academic | 3 | 13.33 | 100% | 33% | 0% |
| Philosophy | 4 | 12.50 | 100% | 25% | 0% |
| Religion | 2 | 10.00 | 50% | 50% | 0% |
| Science - Biology | 5 | 8.00 | 60% | 20% | 0% |
| Science - Chemistry | 4 | 10.00 | 100% | 0% | 0% |
| Science - Other | 6 | 13.33 | 83% | 50% | 0% |
| Science - Physics | 4 | 12.50 | 100% | 25% | 0% |
| Social Science | 5 | 14.00 | 100% | 40% | 0% |